1988 1085 1270 1033 1616 1588 1085 1402 1247 1753 1694 1630 1783 1382 1348 1956 1860 1528 1851 1063 1788 1012 1225 1902 1541 1503 1627 1068 1132 1122 1788 1818 1119 1777 1908 1436 1491 1570 1864 1188 1126 1641 1826 1163 1159 1439 1364 1595 1603 1453 1212 1206 1338 1419 1247 1608 1300 1126 1957 1083 1575 1064 1780 1422 1031 1894 1764 1947 1877 1304 1975 1497 1160 1400 1913 1233 1006 1426 1957 1169 1723 1231 1164 1590 1545 1164 1806 1794 1284 1082 1678 1685 1613 1470 1959 1557 1704 1168 1967 BCNSPRNW ULIB Ver.6.0+V

เปลี่ยนเป็นภาษาไทย

Change to English
 แสดงรายละเอียดบรรณานุกรม
  กลับหน้าหลัก

Brief Record : Get Marc (ISO 2709) : E-mail record : QR code < ปิดหน้าต่าง
LEADER : 00000nam 2200000uu 4500
001    13399126715
003     ULIB
008    190221s2561||||th 000 0 tha d
020    ^a9786163983374
060  0 ^aWY152^bศ352ก^cล.1
100 0  ^aศิริรัตน์ ปานอุทัย
245 00 ^aการพยาบาลผู้สูงอายุ เล่ม 1 /^cศิริรัตน์ ปานอุทัย
250    ^aพิมพ์ครังที่ 2
260    ^aเชียงใหม่ : ^bโครงการตำราคณะพยาบาลศาสตร์ มหาวิทยาลัยเชียงใหม่,^c2561.
300    ^a224 หน้า
650  0 ^aการพยาบาล--ผู้สูงอายุ
945    ^p200^l0^i27086
945    ^p200^l0^i27085
945    ^p200^l0^i27067
945    ^p200^l0^i27066
945    ^p200^l0^i27065
999    ^aกัณชพร จุลอักษร
รายการนี้ยังไม่มีแท็ก
คุณยังไม่ได้ล็อกอิน คุณสามารถมีกิจกรรมร่วมกับเว็บไซต์ได้ แต่ต้องล็อกอินก่อน ::
  ล็อกอิน

รายการสื่อสารสนเทศ

ลำดับที่ ประเภท เลขเรียก/บาร์โค้ด สถานที่ สถานะ
1. หนังสือสำรอง
หนังสือสำรอง
WY152 ศ352ก ล.1 ฉ.1 
  Barcode: 27065
ห้องสมุดวิทยาเขตนครสวรรค์
►หนังสือทั่วไป:l:General Books
บนชั้น
2. วิทยาศาสตร์การแพทย์ และสุขภาพ
วิทยาศาสตร์การแพทย์ และสุขภาพ
WY152 ศ352ก ล.1 ฉ.2 
  Barcode: 27066
ห้องสมุดวิทยาเขตนครสวรรค์
►หนังสือทั่วไป:l:General Books
บนชั้น
3. วิทยาศาสตร์การแพทย์ และสุขภาพ
วิทยาศาสตร์การแพทย์ และสุขภาพ
WY152 ศ352ก ล.1 ฉ.3 
  Barcode: 27067
ห้องสมุดวิทยาเขตนครสวรรค์
►หนังสือทั่วไป:l:General Books
บนชั้น
4. วิทยาศาสตร์การแพทย์ และสุขภาพ
วิทยาศาสตร์การแพทย์ และสุขภาพ
WY152 ศ352ก ล.1 ฉ.4 
  Barcode: 27085
ห้องสมุดวิทยาเขตนครสวรรค์
►หนังสือทั่วไป:l:General Books
บนชั้น
5. วิทยาศาสตร์การแพทย์ และสุขภาพ
วิทยาศาสตร์การแพทย์ และสุขภาพ
WY152 ศ352ก ล.1 ฉ.5 
  Barcode: 27086
ห้องสมุดวิทยาเขตนครสวรรค์
►หนังสือทั่วไป:l:General Books
บนชั้น

รายการใกล้เคียง
    ผู้แต่ง [ศิริรัตน์ ปานอุทัย]

    หัวเรื่อง [การพยาบาล--ผู้สูงอายุ]

BibComment


ยังไม่เคยถูกคอมเมนท์

คอมเมนท์ทรัพยากรรายการนี้
  คอมเมนท์: การพยาบาลผู้สูงอ..


 Copyright 2026. Bcnsprnw @Library